|
|
|
|
| LEADER |
00000nas a2200000 a 4500 |
| 001 |
ssj0000611 |
| 003 |
WaSeSS |
| 005 |
20200512172242.0 |
| 006 |
m d |
| 007 |
cr n |
| 008 |
751101d19701997mauqr p s 0 a0eng c |
| 010 |
|
|
|a 73612734
|
| 016 |
|
|
|a (AMICUS)000000665056
|
| 016 |
7 |
|
|a 2066468-0
|2 DE-600
|
| 016 |
7 |
|
|a 7705943
|2 DNLM
|
| 016 |
7 |
|
|a S27340000
|2 DNLM
|
| 022 |
|
|
|l 0019-848X
|y 0019-848X
|
| 030 |
|
|
|a SMRVAO
|
| 032 |
|
|
|a 453590
|b USPS
|
| 035 |
|
|
|a (WaSeSS)ssj0000611
|
| 040 |
|
|
|a MUL
|b eng
|c MUL
|d OCL
|d NLM
|d NSD
|d DLC
|d OCL
|d NSD
|d RCS
|d AIP
|d HUL
|d NSD
|d DLC
|d NST
|d NYG
|d NST
|d EBZ
|d NST
|d IUL
|d NLM
|d NSD
|d MYG
|d HUL
|d GUA
|d MUQ
|d OCLCQ
|d NLGGC
|d OCLCQ
|d MOF
|d OCLCF
|d CQ$
|d OCLCO
|d OCLCQ
|d OCLCO
|d I8M
|d OCLCO
|d LIP
|d OCLCQ
|d CSJ
|d OCLCA
|d OCLCQ
|d GILDS
|d NLC
|d CPO
|d OCLCQ
|d OCLCO
|d OCLCA
|d DCHUA
|d OCLCQ
|d WaSeSS
|
| 042 |
|
|
|a nsdp
|a pcc
|
| 050 |
0 |
0 |
|a HD28
|b .I14
|
| 060 |
0 |
0 |
|a W1
|b SL585
|
| 082 |
0 |
4 |
|a 658/.005
|
| 210 |
0 |
|
|a Sloan manage. rev.
|
| 222 |
|
0 |
|a Sloan management review
|
| 245 |
0 |
0 |
|a Sloan management review
|h [electronic resource].
|
| 260 |
|
|
|a Cambridge, Mass. :
|b Industrial Management Review Association at the Alfred P. Sloan School of Management, Massachusetts Institute of Technology,
|c ©1970-©1997.
|
| 310 |
|
|
|a Quarterly,
|b <fall 1978>-1997
|
| 321 |
|
|
|a Three issues a year,
|b <1971->
|
| 362 |
0 |
|
|a Vol. 12, no. 1 (fall 1970)-v. 39, no. 1 (fall 1997).
|
| 506 |
|
|
|a License restrictions may limit access.
|
| 550 |
|
|
|a Volumes for <Mar./Apr. 1975>-1997 published by the Sloan Management Review Association.
|
| 555 |
|
|
|a Vols. 1 (1960)-16 (1974). (Includes issues published under previous title.) 1 v.
|
| 650 |
|
0 |
|a Industrial management
|v Periodicals.
|
| 650 |
|
2 |
|a Organization and Administration.
|
| 650 |
|
6 |
|a Gestion d'entreprise
|v Périodiques.
|
| 650 |
|
6 |
|a Organisation
|v Périodiques.
|
| 650 |
|
7 |
|a Industrial management.
|2 fast
|0 (OCoLC)fst00971246
|
| 650 |
1 |
7 |
|a Management.
|2 gtt
|
| 653 |
|
0 |
|a Industrial management
|
| 653 |
|
0 |
|a Organization and Administration
|
| 655 |
|
0 |
|a Electronic journals.
|
| 710 |
2 |
|
|a Sloan Management Review Association.
|
| 710 |
2 |
|
|a Industrial Management Review Association.
|
| 710 |
2 |
|
|a Sloan School of Management.
|
| 780 |
0 |
0 |
|t Industrial management review
|x 0884-8211
|w (DLC) 71006881
|w (OCoLC)1716620
|
| 785 |
0 |
0 |
|t MIT Sloan management review
|x 1532-9194
|w (DLC) 00213342
|w (OCoLC)45555059
|
| 850 |
|
|
|a CCC
|a CSt
|a CaNSHPC
|a CaOONM
|a DLC
|a IaU
|a InU
|a KU
|a MH-KG
|a MtBC
|a N
|a NcD
|a NjMuA
|a NjR
|a ScU
|a TxDaM
|a ViU
|a VtU
|
| 856 |
4 |
0 |
|z Full text available from Research Library: 01/01/1988 to Fall 1997
|u https://search.proquest.com/publication/26142
|